All 100k Californian cities - Whammies - Statistics

General Stats
  • This quiz has been taken 117 times
  • The average score is 24 of 75
Answers on the Map
Answers color-coded by a green-red scale on the quiz's map according to % correct below.
 
Answer Stats
City Population % Correct
San Francisco 878,392
96%
Los Angeles 3,899,449
94%
Sacramento 524,908
87%
San Jose 1,013,419
87%
San Diego 1,384,429
83%
Oakland 440,679
80%
Fresno 542,235
77%
Bakersfield 404,368
72%
Anaheim 346,810
59%
Long Beach 466,766
59%
Stockton 320,802
55%
San Bernardino 222,100
52%
Riverside 315,478
51%
Chula Vista 275,494
48%
Irvine 307,682
48%
Santa Ana 310,534
45%
Modesto 218,504
42%
Santa Clarita 232,809
42%
Fremont 230,497
41%
Santa Clara 127,863
41%
Pasadena 139,622
37%
Santa Rosa 178,118
37%
Oxnard 202,059
34%
Berkeley 124,320
32%
Huntington Beach 198,729
30%
Santa Maria 109,694
30%
Elk Grove 176,138
28%
Oceanside 174,160
28%
Orange 139,930
27%
Ventura 110,754
27%
Visalia 141,590
27%
Daly City 105,049
25%
Lancaster 173,584
25%
Palmdale 169,415
25%
Sunnyvale 155,631
25%
Fontana 208,407
24%
Hayward 162,933
24%
Moreno Valley 208,644
24%
Rancho Cucamonga 174,620
24%
Roseville 147,793
24%
Salinas 163,537
24%
Torrance 146,946
24%
Thousand Oaks 126,954
23%
Escondido 151,100
21%
Glendale 196,527
21%
Ontario 175,264
21%
Carlsbad 114,733
20%
Chico 103,830
20%
Corona 157,043
20%
Clovis 120,165
18%
Inglewood 107,765
18%
Pomona 151,478
18%
San Mateo 105,663
18%
Simi Valley 126,369
18%
Victorville 134,821
18%
Burbank 107,334
17%
Fairfield 119,927
17%
Garden Grove 171,976
17%
Richmond 116,303
17%
Vallejo 126,082
17%
Vacaville 102,388
15%
El Cajon 106,193
14%
Fullerton 143,645
14%
Antioch 115,304
13%
Murrieta 110,955
13%
Temecula 109,990
13%
Concord 125,410
11%
Costa Mesa 112,187
11%
Menifee 102,523
11%
Downey 114,351
10%
Jurupa Valley 105,053
10%
West Covina 109,500
10%
El Monte 109,457
8%
Norwalk 102,766
8%
Rialto 103,931
7%
No matching quizzes found
Score Distribution
Percent of People with Each Score
Percentile by Number Answered
Your Score History
You have not taken this quiz